| 000 | 02882nam a2200373 i 4500 | ||
|---|---|---|---|
| 001 | 000017808 | ||
| 003 | DO-SdBNP | ||
| 005 | 20250122135301.0 | ||
| 007 | ta | ||
| 008 | 100406s1994 dr ac 001 0 spa d | ||
| 040 |
_aDO-SdBNP _bspa _cBNPHU _erda |
||
| 041 | _aspa | ||
| 082 | 4 |
_a910.4 _bN964ca _222 |
|
| 100 | 1 |
_aNúñez Jiménez, Antonio, _d1923-1998 _eautor _4aut. _912579 |
|
| 245 | 1 | 0 |
_aEn canoa por el Mar de las Antillas / _cAntonio Núñez Jiménez ; prólogo, José Juan Arrom ; presentación, Nicolás de Jesús Cardenal López Rodríguez. |
| 250 | _aPrime edición | ||
| 264 | 1 |
_aSanto Domingo : _bPatronato de la Ciudad Colonial, _c1994. |
|
| 300 |
_axxxvi, 431 páginas : _bilustraciones, mapas, retratos ; _c23 cm. |
||
| 336 |
_atexto _btxt _2rdacontent |
||
| 337 |
_asin mediación _bn _2rdamedia |
||
| 338 |
_avolumen _bnc _2rdacarrier |
||
| 490 |
_aQuinto centenario. Estudios ; _v11 |
||
| 500 | _aIncluye datos biográficos del autor en las solapas. | ||
| 504 | _aBibliografía : p. 423-431. | ||
| 505 | 2 |
_aDel continente a las islas -- _tEn Puerto España -- _tPor los caminos de Trinidad -- _tLa canoa entre sargazos burocráticos -- _tEn la isla de San Vicente -- _tChatoyer y los Caribes Negros -- _tLos rastafaris -- _tEl arte rupestre de San Vicente -- _tDe Kingstown a West Point -- _tSanta Lucía -- _tEl enigma arqueológico de Santa Lucía -- _tLos petroglifos de Santa Lucía -- _tCastries, la capital -- _tEn las islas María y Pigeon -- _tMartinica -- _tFort de France -- _tHacia el volcán de la Montagne Pelee -- _tDominica -- _tGuadalupe -- _tMariagalante -- _tEn las islas de Monserrat y Redonda -- _tNevis y San Kitts -- _tSan Eustaquio, Saba y San Martín -- _tAnguila -- _tIsla Vírgenes -- _tLa canoa Hatuey en Puerto Rico -- _tEntre un vuelo rasante, un submarino y un guardacostas nortemaricano -- _tDe la isla Saona a la capital dominicana -- _tSanto Domingo, la ciudad primada de la América Hispánica -- _tArte rupestre de Quisqueya -- _tDel palacio de gobierno a la Universidad Autónoma de Santo Domingo -- _tPrisioneros del ejército haitiano -- _tDe Baní a Montecristi -- _tDe nuevo en Haití -- _tEn la Mole de San Nicolás -- _tA Cuba por el Paso de los Vientos -- _tSobre el Yunque de Baracoa -- _tEn el oriente de Cuba -- _tLa Gran Inagua -- _tHacia las Islas Crooked -- _tEl agujero azul de Long Island -- _tDe cayo Rum a cayo Samaná -- _tEn la isla de San Salvador -- _tLa primera tierra de América vista por Colón -- _tVuelo sobre las Bahamas -- _tRetorno a la patria -- _tEl Caribe ¿qué es?. |
|
| 590 | _aInventariado, 2024/ YL | ||
| 650 | 4 |
_aCanoas _zAntillas _938700 |
|
| 651 | 4 |
_aAntillas _xDescripciones y viajes _938698 |
|
| 651 | 4 |
_aAntillas _xHistorias _938699 |
|
| 700 | 1 |
_aArrom, José Juan, _eprologuista _938701 _4prol. |
|
| 700 | 1 |
_aLópez Rodríguez, Nicolás de Jesús _938702 _epresentador _4pres. |
|
| 910 | _aYLockward | ||
| 942 |
_2ddc _cLBS1 |
||
| 999 |
_c17333 _d17333 |
||